[Event "New Zealand Open Ch'p 2015"]
[Site "Devonport, Auckland"]
[Date "2015.01.09"]
[Round "9.46"]
[White "Lyall, Simon"]
[Black "Mallela, Raivath"]
[Result "1/2-1/2"]
[WhiteElo "1786"]
[BlackElo "1190"]
[PlyCount "115"]
[EventDate "2015.01.01"]
[EventType "swiss"]
[EventRounds "9"]
[SourceDate "2015.01.01"]

1. e4 c5 2. c3 d5 3. exd5 Qxd5 4. d4 Nf6 5. Nf3 Nc6 6. Be3 e6 7. Na3 cxd4 8.
Nb5 Qd8 9. Nfxd4 Nxd4 10. Qxd4 Qxd4 11. Bxd4 Kd8 12. Rd1 Bd7 13. a3 b6 14. Be2
Be7 15. Bf3 Nd5 16. Bxd5 exd5 17. a4 Rg8 18. O-O Kc8 19. Be5 Bxb5 20. axb5 f6
21. Bg3 Rd8 22. Rfe1 Bc5 23. b4 Bf8 24. Re6 Kb7 25. Kf1 Rac8 26. Re3 Rc4 27.
Red3 d4 28. Rxd4 Rcxd4 29. cxd4 Bxb4 30. d5 Bd6 31. Ke2 Bxg3 32. hxg3 a6 33.
bxa6+ Kxa6 34. Rd2 b5 35. Ke3 b4 36. Kd4 Kb5 37. Rb2 Rd6 38. Rc2 b3 39. Rb2 Kb4
40. Re2 Rd7 41. Re6 Rb7 42. d6 b2 43. Re7 Rb8 44. Re1 Ka3 45. d7 b1=Q 46. Rxb1
Rxb1 47. Kc5 Rd1 48. Kc6 Kb2 49. Kc7 Kc2 50. d8=Q Rxd8 51. Kxd8 Kd2 52. Ke7 Ke2
53. Kf7 Kxf2 54. Kxg7 Kxg3 55. Kxf6 Kxg2 56. Kg5 Kg3 57. Kh6 Kg4 58. Kxh7
1/2-1/2

[Event "New Zealand Open Ch'p 2015"]
[Site "Devonport, Auckland"]
[Date "2015.01.09"]
[Round "9.47"]
[White "Wei, Louie"]
[Black "Williams, Doug"]
[Result "1-0"]
[WhiteElo "1423"]
[BlackElo "1754"]
[PlyCount "135"]
[EventDate "2015.01.01"]
[EventType "swiss"]
[EventRounds "9"]
[SourceDate "2015.01.01"]

1. d4 Nf6 2. f4 g6 3. Nf3 Bg7 4. e3 d5 5. Bd3 c5 6. c3 O-O 7. O-O Nc6 8. Nbd2
c4 9. Bc2 b5 10. Ne5 Qb6 11. b3 a5 12. Ba3 Nxe5 13. fxe5 Ng4 14. Qf3 b4 15. Bb2
Bh6 16. Rae1 f6 17. bxc4 fxe5 18. Qxd5+ Be6 19. Rxf8+ Rxf8 20. Qe4 Bf5 21. Qf3
Bxe3+ 22. Rxe3 Nxe3 23. Bb3 Qb8 24. Qxe3 Be6 25. Qxe5 Qxe5 26. dxe5 Rd8 27. Nf3
a4 28. Bxa4 Bxc4 29. cxb4 Bxa2 30. Nd4 Bc4 31. Bc6 Rf8 32. Bf3 Rb8 33. Nc6 Rb7
34. Na5 Rxb4 35. Nxc4 e6 36. Be2 Kg7 37. Kf2 g5 38. Bd3 h5 39. Bd4 Ra4 40. Ke3
Ra2 41. Kf3 Ra4 42. g4 h4 43. Ke3 Ra2 44. Nd2 Ra8 45. Ne4 Kh6 46. Kf3 Ra3 47.
Nc5 h3 48. Ke4 Ra2 49. Nxe6 Rxh2 50. Bf1 Rh1 51. Bxh3 Rxh3 52. Be3 Rg3 53.
Bxg5+ Kg6 54. Kf4 Rg1 55. Nd4 Rf1+ 56. Nf3 Kf7 57. Bf6 Ke6 58. Ke4 Rb1 59. Nd4+
Kf7 60. Kd5 Rd1 61. g5 Rg1 62. e6+ Ke8 63. Kd6 Rf1 64. Nb5 Rd1+ 65. Bd4 Re1 66.
Nc7+ Kf8 67. Kd7 Re2 68. g6 1-0

[Event "New Zealand Open Ch'p 2015"]
[Site "Devonport, Auckland"]
[Date "2015.01.09"]
[Round "9.48"]
[White "Li, Rodney Xiang Rei"]
[Black "Brockman, Roland"]
[Result "1/2-1/2"]
[WhiteElo "1452"]
[BlackElo "1652"]
[PlyCount "42"]
[EventDate "2015.01.01"]
[EventType "swiss"]
[EventRounds "9"]
[SourceDate "2015.01.01"]

1. e4 e5 2. Nf3 Nc6 3. Bb5 Bc5 4. O-O Nd4 5. Nxd4 Bxd4 6. c3 Bb6 7. d4 c6 8.
Ba4 d6 9. Be3 Nf6 10. Nd2 O-O 11. Bb3 Re8 12. f3 Be6 13. Bxe6 Rxe6 14. Nc4 exd4
15. cxd4 d5 16. exd5 cxd5 17. Nxb6 Qxb6 18. Qd2 Rae8 19. Rfe1 h6 20. Bf2 Rxe1+
21. Rxe1 Rxe1+ 1/2-1/2

[Event "New Zealand Open Ch'p 2015"]
[Site "Devonport, Auckland"]
[Date "2015.01.09"]
[Round "9.50"]
[White "Fan, Allen Chi Zhou"]
[Black "Barry, Jacob"]
[Result "1-0"]
[WhiteElo "1816"]
[BlackElo "965"]
[PlyCount "57"]
[EventDate "2015.01.01"]
[EventType "swiss"]
[EventRounds "9"]
[SourceDate "2015.01.01"]

1. Nf3 d5 2. c4 Nf6 3. g3 b6 4. Bg2 Bb7 5. O-O e6 6. d4 Nc6 7. b3 Qd7 8. a3
O-O-O 9. cxd5 Qxd5 10. Ne5 Qxd4 11. Qxd4 Nxd4 12. Bxb7+ Kxb7 13. Nxf7 Nxe2+ 14.
Kg2 Bc5 15. Nxh8 Rxh8 16. Bb2 Bd4 17. Bxd4 Nxd4 18. b4 h5 19. h4 Nh7 20. Nc3 g5
21. Rh1 Nf5 22. hxg5 Nxg5 23. Rae1 h4 24. f4 h3+ 25. Kf2 Nf7 26. Rxe6 N7h6 27.
Rg6 Nf7 28. g4 N5d6 29. Kg3 1-0

[Event "New Zealand Open Ch'p 2015"]
[Site "Devonport, Auckland"]
[Date "2015.01.09"]
[Round "9.51"]
[White "Picken, Oliver"]
[Black "Meng, Richard"]
[Result "0-1"]
[WhiteElo "1505"]
[BlackElo "1106"]
[PlyCount "60"]
[EventDate "2015.01.01"]
[EventType "swiss"]
[EventRounds "9"]
[SourceDate "2015.01.01"]

1. e4 c5 2. Nf3 d6 3. d4 cxd4 4. Nxd4 Nf6 5. Nc3 g6 6. f4 Bd7 7. Be3 Nc6 8. Qf3
Bg7 9. O-O-O Bg4 10. Qf2 Bxd1 11. Nxd1 O-O 12. h3 Nxe4 13. Qf3 Nxd4 14. Bxd4
Bxd4 15. Qxe4 Bf6 16. f5 Rc8 17. fxg6 fxg6 18. Bc4+ Kh8 19. h4 Rc5 20. Bd3 d5
21. Qe2 e5 22. Qe3 Qe7 23. h5 Bg5 24. hxg6 Bxe3+ 25. Nxe3 Qg5 26. Rxh7+ Kg8 27.
Kd1 Qxe3 28. g7 Qg1+ 29. Kd2 Rf2+ 30. Ke3 Qe1+ 0-1

[Event "New Zealand Open Ch'p 2015"]
[Site "Devonport, Auckland"]
[Date "2015.01.09"]
[Round "9.53"]
[White "Nylund, Benjamin"]
[Black "Ryu, Rosa"]
[Result "1-0"]
[WhiteElo "1453"]
[BlackElo "684"]
[PlyCount "59"]
[EventDate "2015.01.01"]
[EventType "swiss"]
[EventRounds "9"]
[SourceDate "2015.01.01"]

1. c4 c5 2. e3 d6 3. d4 b6 4. Nf3 Nf6 5. Be2 a6 6. O-O e6 7. Nc3 Nc6 8. b3 Bd7
9. d5 e5 10. dxc6 Bxc6 11. Bb2 Be7 12. Qc2 O-O 13. e4 h6 14. Rfd1 Bxe4 15. Nxe4
Ra7 16. Nxe5 Qd7 17. Nxd7 Rxd7 18. Nxf6+ Bxf6 19. Bxf6 gxf6 20. Bg4 Re7 21.
Rxd6 Rfe8 22. h3 Re4 23. Qxe4 Rxe4 24. Rxf6 Kg7 25. Rxb6 h5 26. Bxh5 Re5 27.
Bxf7 Kxf7 28. Rxa6 Re6 29. Rxe6 Kxe6 30. Kf1 1-0

[Event "New Zealand Open Ch'p 2015"]
[Site "Devonport, Auckland"]
[Date "2015.01.09"]
[Round "9.54"]
[White "Nylund, Timothy"]
[Black "Braganza, Nadia"]
[Result "0-1"]
[WhiteElo "1405"]
[BlackElo "1334"]
[PlyCount "66"]
[EventDate "2015.01.01"]
[EventType "swiss"]
[EventRounds "9"]
[SourceDate "2015.01.01"]

1. d4 d5 2. g3 Nc6 3. Bg2 Bf5 4. a3 Nf6 5. Nf3 Qd7 6. O-O O-O-O 7. Re1 Bh3 8.
Ng5 Be6 9. e4 dxe4 10. Nxe4 Nxe4 11. Bxe4 Qxd4 12. Nc3 Qxd1 13. Rxd1 Rxd1+ 14.
Nxd1 g6 15. b4 Bg7 16. c3 a6 17. Bb2 Ne5 18. Ne3 Nc4 19. Nxc4 Bxc4 20. f4 f5
21. Bg2 e5 22. Bf1 Bxf1 23. Rxf1 exf4 24. gxf4 Rd8 25. Rb1 Rd2 26. Kf1 Rxh2 27.
Ke1 Rh1+ 28. Kd2 Rxb1 29. Bc1 Bxc3+ 30. Kc2 Ra1 31. Kxc3 Rxc1+ 32. Kd2 Rg1 33.
Ke2 h5 0-1

[Event "New Zealand Open Ch'p 2015"]
[Site "Devonport, Auckland"]
[Date "2015.01.09"]
[Round "9.55"]
[White "McRae, John H"]
[Black "Nylund, Micah"]
[Result "1/2-1/2"]
[WhiteElo "1133"]
[BlackElo "1200"]
[PlyCount "54"]
[EventDate "2015.01.01"]
[EventType "swiss"]
[EventRounds "9"]
[SourceDate "2015.01.01"]

1. d4 Nf6 2. e3 g6 3. Bd2 Bg7 4. Bd3 d6 5. c4 O-O 6. h3 c5 7. Ne2 b6 8. O-O Bb7
9. Nbc3 Nbd7 10. Nf4 e5 11. Nfd5 exd4 12. exd4 cxd4 13. Nxf6+ Bxf6 14. Nb5 Nc5
15. Bf4 Be5 16. Bh6 Re8 17. Re1 Nxd3 18. Qxd3 Qh4 19. Qd2 d5 20. Bg5 Qh5 21.
Rac1 a6 22. Na3 Rac8 23. f4 Bg7 24. cxd5 Rxc1 25. Qxc1 Rxe1+ 26. Qxe1 Bxd5 27.
Qe8+ Bf8 1/2-1/2

[Event "New Zealand Open Ch'p 2015"]
[Site "Devonport, Auckland"]
[Date "2015.01.09"]
[Round "9.57"]
[White "Yuan, Kimberley"]
[Black "Lee, Amy"]
[Result "1-0"]
[WhiteElo "1038"]
[BlackElo "644"]
[PlyCount "91"]
[EventDate "2015.01.01"]
[EventType "swiss"]
[EventRounds "9"]
[SourceDate "2015.01.01"]

1. d4 f5 2. c4 e6 3. Nc3 Be7 4. Nf3 Nf6 5. Qc2 O-O 6. Bg5 d5 7. e3 c6 8. Be2 h6
9. Bxf6 Bxf6 10. O-O Qe8 11. Rfe1 Qh5 12. Ne5 Qe8 13. Nf3 Nd7 14. cxd5 cxd5 15.
Nb5 Qe7 16. Nc3 Nb6 17. Rac1 Bd7 18. Bb5 Bh4 19. Bxd7 Nxd7 20. Qe2 Rf7 21. g3
g5 22. gxh4 gxh4 23. Kh1 Rg7 24. Rg1 h3 25. Rg3 Rf8 26. Rcg1 Rff7 27. Rxh3 Kf8
28. Rxh6 Rxg1+ 29. Kxg1 Rg7+ 30. Kh1 Rg8 31. Rh3 Nf6 32. Rg3 Ng4 33. h3 Qh7 34.
Kg2 Rh8 35. Ng5 Qh5 36. Nxe6+ Kf7 37. Nf4 Qh7 38. Qb5 Kf8 39. Ne6+ Ke7 40.
Qxb7+ Kxe6 41. Qxh7 Rxh7 42. hxg4 Rg7 43. gxf5+ Kf6 44. Rxg7 Kxg7 45. a4 a5 46.
Nxd5 1-0